LEADER 01924oam 2200469Ia 450 001 9910695775103321 005 20070823150313.0 035 $a(CKB)5470000002372027 035 $a(OCoLC)86121824 035 $a(EXLCZ)995470000002372027 100 $a20070323d2006 ua 0 101 0 $aeng 135 $aurbn||||||||| 181 $ctxt$2rdacontent 182 $cc$2rdamedia 183 $acr$2rdacarrier 200 14$aThe outcome of ATC message complexity on pilot readback performance$b[electronic resource] /$fO. Veronika Prinzo, Alfred M. Hendrix, Ruby Hendrix 210 1$aWashington, DC :$cFederal Aviation Administration, Office of Aerospace Medicine ;$a[Ft. Belvior, Va.]:$c[Available to the public through the Defense Technical Information Center];$aSpringfield, Va. :$cNational Technical Information Service,$d[2006] 215 $ai, 29, 2, 1 page $cdigital, PDF file 300 $aTitle from title screen (viewed on Mar 23, 2007). 300 $a"November 2006." 300 $a"DOT/FAA/AM-06/25." 320 $aIncludes bibliographical references (page 9). 517 3 $aOutcome of Air Traffic Control message complexity on pilot readback performance 606 $aAir traffic control$zUnited States 606 $aAeronautics$xCommunication systems 615 0$aAir traffic control 615 0$aAeronautics$xCommunication systems. 700 $aPrinzo$b O. Veronika$01381114 701 $aHendrix$b Alfred M$01391580 701 $aHendrix$b Ruby$01391581 712 02$aHendrix & Hendrix. 712 02$aUnited States.$bOffice of Aerospace Medicine. 712 02$aUnited States.$bFederal Aviation Administration. 712 02$aCivil Aerospace Medical Institute. 801 0$bGPO 801 1$bGPO 801 2$bGPO 906 $aBOOK 912 $a9910695775103321 996 $aThe outcome of ATC message complexity on pilot readback performance$93530986 997 $aUNINA LEADER 01587nam 2200373z- 450 001 9910694322003321 005 20090403090037.0 035 $a(CKB)5860000000026618 035 $a(BIP)017715282 035 $a(EXLCZ)995860000000026618 100 $a20220406c2007uuuu -u- - 101 0 $aeng 200 10$aImproving federal consumer protection in financial services $econsumer and industry perspectives :hearing before the Committee on Financial Services, U.S. House of Representatives, One Hundred Tenth Congress, first session, July 25, 2007 215 $a1 online resource (iii, 118 p.) 311 $a0-16-079705-5 517 $aImproving Federal Consumer Protection in Financial Services - Consumer and Industry Perspectives 606 $aFinancial services industry$xCorrupt practices$zUnited States$xPrevention 606 $aFinancial institutions$zUnited States 606 $aConsumer protection$xGovernment policy$zUnited States 606 $aBanks and banking$xState supervision$zUnited States 610 $aFinancial services industry 610 $aFinancial institutions 610 $aConsumer protection 610 $aBanks and banking 610 $aBusiness & economics 610 $aLaw 615 0$aFinancial services industry$xCorrupt practices$xPrevention. 615 0$aFinancial institutions 615 0$aConsumer protection$xGovernment policy 615 0$aBanks and banking$xState supervision 906 $aBOOK 912 $a9910694322003321 996 $aImproving federal consumer protection in financial services$93146247 997 $aUNINA